000 01305nam0a2200361 4500
001 RU\NLR\bibl\1757262
005 20260405144543.0
010 _a978-5-9901126-3-6
_91000
021 _aRU
_b2011-19810
_91402
035 _a(nilc)RSL-KNO-004915615
035 _a(NLR Aleph) 001748093
090 _a1501494
_c1501494
100 _a20110330d2011 |||y0rusy50 ca
101 1 _arus
_ceng
102 _aRU
105 _aa |||||||||
200 1 _aБеседы о "Я ЕСМЬ"
_eВознесенный Владыка Сен-Жермен через Г. Р. Кинга
_f[пер. с англ. М. Безматерных]
210 _aРостов-на-Дону
_cЗолотое слово
_d2011
215 _a308 с.
_cил.
_d20
225 1 _aСерия "Сен-Жермен"
_vт. 3
606 1 _aЧеннелинг
_92524665
_3RU\NLR\auth\661495781
686 _aЭ391.229,0
_2rubbk
686 _aЭ391.93
700 0 _4070
_8rus
_7ca
_aСен-Жермен
_cдух
_3RU\NLR\AUTH\7722594
_95651
702 1 _4570
_8rus
_7ca
_aКинг
_bГ. Р.
_gГодфри Рэй
_3RU\NLR\auth\7760135
_943066
801 0 _aRU
_bRuMoRKP
_c20110330
_grcr
801 1 _aRU
_bRuMoRGB
_c20110330
801 2 _aRU
_bNLR
_c20110411
_grcr
942 _cBOOK
980 _aNB
980 _aNBR